Пороговые реакции и предельные глубины выгорания облученного ядерного топлива; Ресурсоэффективным технологиям - энергию и энтузиазм молодых

Bibliografiske detaljer
Parent link:Ресурсоэффективным технологиям - энергию и энтузиазм молодых.— 2014.— [С. 244-247]
Hovedforfatter: Губайдулин И. М.
Institution som forfatter: Национальный исследовательский Томский политехнический университет (ТПУ) Физико-технический институт (ФТИ) Кафедра физико-энергетических установок (№ 21) (ФЭУ)
Andre forfattere: Никифоров М. А. (научный руководитель), Беденко С. В. Сергей Владимирович
Summary:Заглавие с титульного экрана
Sprog:russisk
Udgivet: 2014
Serier:Основные теоретико-методологические и прикладные направления развития естественных наук: физики, химии, математики
Fag:
Online adgang:http://earchive.tpu.ru/handle/11683/66092
http://www.lib.tpu.ru/fulltext/c/2014/C08/105.pdf
Format: MixedMaterials Electronisk Book Chapter
KOHA link:https://koha.lib.tpu.ru/cgi-bin/koha/opac-detail.pl?biblionumber=606651

MARC

LEADER 00000naa2a2200000 4500
001 606651
005 20260303163813.0
035 |a (RuTPU)RU\TPU\conf\4030 
035 |a RU\TPU\conf\4029 
090 |a 606651 
100 |a 20140605d2014 k y0rusy50 ca 
101 0 |a rus 
102 |a RU 
135 |a drgn ---uucaa 
181 0 |a i  
182 0 |a b 
200 1 |a Пороговые реакции и предельные глубины выгорания облученного ядерного топлива  |f И. М. Губайдулин, М. А. Никифоров  |g науч. рук. С. В. Беденко 
203 |a Текст  |c электронный 
225 1 |a Основные теоретико-методологические и прикладные направления развития естественных наук: физики, химии, математики 
300 |a Заглавие с титульного экрана 
320 |a [Библиогр.: с. 247 (2 назв.)] 
337 |a Adobe Reader 
463 1 |0 (RuTPU)RU\TPU\conf\3591  |t Ресурсоэффективным технологиям - энергию и энтузиазм молодых   |o Сборник научных трудов V Всероссийской конференции студентов элитного технического образования, г. Томск, 25 -27 марта 2014 г.  |f Национальный исследовательский Томский политехнический университет (ТПУ)   |v [С. 244-247]  |d 2014 
610 1 |a труды учёных ТПУ 
610 1 |a электронный ресурс 
610 1 |a пороговые реакции 
610 1 |a глубины 
610 1 |a выгорание 
610 1 |a ядерное топливо 
610 1 |a облученное ядерное топливо 
700 1 |a Губайдулин  |b И. М. 
701 1 |a Никифоров  |b М. А. 
702 1 |a Беденко  |b С. В.  |c физик  |c доцент Томского политехнического университета, кандидант физико-математических наук  |f 1980-  |g Сергей Владимирович  |4 727 
712 0 2 |a Национальный исследовательский Томский политехнический университет (ТПУ)  |b Физико-технический институт (ФТИ)  |b Кафедра физико-энергетических установок (№ 21) (ФЭУ)  |3 (RuTPU)RU\TPU\col\18730 
801 2 |a RU  |b 63413507  |c 20210709  |g RCR 
856 4 |u http://earchive.tpu.ru/handle/11683/66092 
856 4 |u http://www.lib.tpu.ru/fulltext/c/2014/C08/105.pdf 
942 |c CF